| Поле | Инд. | ПП | Название | Значение |
|---|---|---|---|---|
| Тип записи | a | |||
| Библиографический уровень | b | |||
| 001 | Контрольный номер | RU/IS/BASE/257362311 | ||
| 005 | Дата корректировки | 20200526074525.7 | ||
| 008 | Кодируемые данные | 20080226 | ||
| 040 | b | Код языка каталог. | rus | |
| e | Правила каталог. | PSBO | ||
| 041 | 0_ | a | Код языка текста | rus |
| 084 | a | Индекс другой классификации/Индекс ББК | 81.415.1-2-3 | |
| 100 | 1_ | a | Автор | Изотов А. И. |
| 245 | 10 | a | Заглавие | Опыт корпусного анализа функционально-семантической категории императивности в современном чешском языке |
| 504 | a | Библиография | Библиогр. - Примеч.: с. 63 | |
| 650 | 04 | a | Основная рубрика | грамматика |
| a | Основная рубрика | лексикология | ||
| a | Основная рубрика | филологические науки | ||
| a | Основная рубрика | частное языкознание | ||
| a | Основная рубрика | языкознание | ||
| 653 | 0_ | a | Ключевые слова | глагол |
| a | Ключевые слова | императивность | ||
| a | Ключевые слова | лексическая семантика | ||
| a | Ключевые слова | перформативные высказывания | ||
| a | Ключевые слова | побудительные высказывания | ||
| a | Ключевые слова | повелительное наклонение | ||
| a | Ключевые слова | русский язык | ||
| a | Ключевые слова | славянские языки | ||
| a | Ключевые слова | функциональная грамматика | ||
| a | Ключевые слова | чешский язык | ||
| 773 | 0_ | t | Заглавие источника | Вестник Московского университета. Серия 9, Филология |
| d | Дата издания источника | 2007 | ||
| g | Прочая информация | № 3. - С. 47 - 63 | ||
| w | Контрольный № источника | RU/IS/BASE/238074426 | ||
| 901 | t | Тип документа | b |